Statistics for FIFA World Cup Award #1

Click here to take the quiz!

General Stats

  • This quiz has been taken 38 times
  • The average score is 10 of 29

Answer Stats

World CupGolden Boot WinnerGoals Scored% Correct
2002Ronaldo8
88%
2018Harry Kane6
79%
1970Gerd Müller10
76%
2010Thomas Müller5
76%
2006Miroslav Klose5
65%
2014James Rodríguez6
59%
1958Just Fontaine13
53%
1998Davor Šuker6
47%
1982Paolo Rossi6
47%
1966Eusébio9
44%
1986Gary Lineker6
44%
1994Hristo Stoichkov6
41%
1978Mario Kempes6
38%
1962Garrincha4
32%
1990Salvatore Schillaci6
32%
1954Sándor Kocsis11
29%
1974Grzegorz Lato7
26%
1994Oleg Salenko6
26%
1962Vavá4
18%
1930Guillermo Stábile8
15%
1946Leônidas8
12%
1962Leonel Sánchez4
9%
1962Dražan Jerković4
6%
1962Flórián Albert4
6%
1934Oldřich Nejedlý5
6%
1950Ademir de Menezes8
3%
1962Valentin Ivanov4
3%
1942Cancelled
0%
1938Cancelled
0%

Score Distribution

Percentile by Number Answered

Percent of People with Each Score

Your Score History

You have not taken this quiz